Famous Parent, Famous Child Quiz Stats

 Plays Quiz Updated Dec 31, 2018

Also try: Acting Families
Challenge
Share
Tweet
Score 0/24 Timer 04:00
8 Plays Today
% Correct
Martin Sheen
89.1%
Goldie Hawn
87.6%
Jon Voight
87.4%
Judy Garland
79%
Blythe Danner
64.3%
Janet Leigh
62.9%
Debbie Reynolds
62.3%
Ravi Shankar
52.3%
Gloria Vanderbilt
52.2%
Ingrid Bergman
51.1%
Vanessa Redgrave
50.6%
Anne Meara
50.4%
% Correct
Jayne Mansfield
45.8%
Melanie Griffith
43.1%
Tippi Hedren
41%
Patty Duke
41%
Mary Martin
35.9%
Diane Ladd
29.9%
Minnie Riperton
28.5%
Peggy Lipton
26.7%
Connie Stevens
25.4%
Maureen O'Sullivan
24.2%
Keith Carradine
19%
Vic Morrow
14.6%

You're not logged in!

Compare scores with friends on all Sporcle quizzes.
OR
Log In

You Might Also Like...

Show Comments

Extras

Top Quizzes Today


Score Distribution

Your Account Isn't Verified!

In order to create a playlist on Sporcle, you need to verify the email address you used during registration. Go to your Sporcle Settings to finish the process.

Report this User

Report this user for behavior that violates our Community Guidelines.

Details: